|
|
|
|
| LEADER |
00000nam0a2200000 4500 |
| 001 |
349677 |
| 005 |
20231102010227.0 |
| 035 |
|
|
|a (RuTPU)RU\TPU\retro\2441
|
| 090 |
|
|
|a 349677
|
| 100 |
|
|
|a 20180802d1942 m y0rusy50 ca
|
| 101 |
0 |
|
|a rus
|
| 102 |
|
|
|a RU
|
| 105 |
|
|
|a a j 001zy
|
| 200 |
1 |
|
|a Топливо, топки и котельные установки
|e конспект
|e лекции читанные на теплоэнергетическом факультете МЭИ
|f Ф. Дубынин
|
| 210 |
|
|
|a Москва
|c Изд-во Московского энергетического института
|d 1934
|
| 215 |
|
|
|a 36 с.
|c ил.
|
| 316 |
|
|
|5 63413507: КР-5652
|a На обложке владельческая подпись "Бутаков"
|
| 316 |
|
|
|5 63413507: КР-5652
|a На обложке, титульном листе и с. 36 штамп "Библиотека Московского Энергетического Института"
|
| 317 |
|
|
|5 63413507: КР-5652
|a Поступила в НТБ в 1970 г. в составе книжного собрания профессора ТПИ И. Н. Бутакова
|
| 320 |
|
|
|a Библиогр.: с. 36
|
| 606 |
1 |
|
|a Теплоэнергетика промышленная
|2 stltpush
|3 (RuTPU)RU\TPU\subj\59824
|9 77321
|
| 610 |
1 |
|
|a теплотехника
|
| 610 |
1 |
|
|a теплотехнические процессы
|
| 610 |
1 |
|
|a теплотехнические системы
|
| 610 |
1 |
|
|a топливо
|
| 610 |
1 |
|
|a топки
|
| 610 |
1 |
|
|a котельные установки
|
| 610 |
1 |
|
|a лекции
|
| 610 |
1 |
|
|a библиотека И. Н. Бутакова
|
| 610 |
1 |
|
|a владельческая надпись
|
| 610 |
1 |
|
|a владельческие знаки
|
| 675 |
|
|
|a 621.1(075.8)
|v 4
|
| 700 |
|
1 |
|a Дубынин
|b Ф.
|
| 702 |
|
1 |
|a Шатуновский
|b Л
|4 650
|
| 702 |
|
1 |
|a Дреничев
|b М.
|4 650
|
| 702 |
|
1 |
|a Шумяцкий
|b Б.
|4 650
|
| 702 |
|
1 |
|a Колоярцев
|b К.
|4 650
|
| 801 |
|
1 |
|a RU
|b 63413507
|c 20180802
|
| 801 |
|
2 |
|a RU
|b 63413507
|c 20181227
|g RCR
|
| 942 |
|
|
|c BK
|